000 00207nam a2200085Ia 4500
008 211105s9999 xx 000 0 und d
020 _a"
100 _a PIENAAR, L E.
_9121370
245 0 _aKoorspraak vir almal
999 _c584537
_d584536